| 000 | 01344cam a22003617a 4500 | ||
|---|---|---|---|
| 003 | CHAP | ||
| 005 | 20220329141036.0 | ||
| 008 | 971013s1996 r 00010 d | ||
| 010 | _a61726 | ||
| 011 | _a62698 | ||
| 035 | _a66873 | ||
| 040 | _cCHAP | ||
| 090 | _aTesis | ||
| 100 | 0 | 0 |
_aHernández Mendieta, Ernesto. _954329 |
| 245 | 1 | 0 |
_aIdentificación del agente causal de la pudrición blanca del manzano por medio de la detección de fenol-oxidasas _cErnesto Hernández Mendieta |
| 260 |
_aChapingo, Méx. : _bEl autor, _c1996. |
||
| 300 |
_a69 h. _b: ilus. |
||
| 502 | _aTesis (M.C. en Protección Vegetal) -- UACH. Departamento de Parasitología Agrícola | ||
| 590 |
_aALEPH _b10 _c20130110 _lUCH01 _h1343 |
||
| 590 |
_aBATCH-UPD _b10 _c20130110 _lUCH01 _h0514 |
||
| 590 |
_aBATCH-UPD _b10 _c20130110 _lUCH01 _h2317 |
||
| 590 |
_aBATCH-UPD _b10 _c20130410 _lUCH01 _h1607 |
||
| 590 |
_aBATCH-UPD _b10 _c20130914 _lUCH01 _h1049 |
||
| 590 |
_aCONVERSION _b10 _c20130109 _lUCH01 _h1333 |
||
| 650 | 1 | 4 |
_aCoriolus versicolor. _928002 |
| 650 | 1 | 4 |
_aManzana _xEnfermedades por hongos. _970765 |
| 901 | _aBK | ||
| 905 | _aAlejandra Carrasco M. | ||
| 942 | _cFOLL | ||
| 949 |
_bBC _cTES _d-152115 _eTS1 _h30658 _i66873 _si |
||
| 949 |
_bBC _cTES _d33724000641601 _eTS2 _fc.2 _h30659 _i66873 _si |
||
| 949 |
_bBC _cTES _d33724000713772 _eTS2 _fc.3 _h33845 _i66873 _sb |
||
| 999 |
_c61726 _d61726 |
||